000 00607nam a22001817a 4500
003 UA-OsUOA
001 16627
007 ta
008 20040117b un ||||| |||| 00| 0 ukr d
100 _aЯщук В.
942 _cSA
040 _aUA-OsUOA
_cUA-OsUOA
_dUA-OsUOA
245 _aКамені говорять: [Про пам'ятники і пам'ятні знаки в с. Дружба Радивилів. р-ну]
300 _aС.4
955 _a0
773 0 _w0
_tПрапор перемоги
_dРадивилів
_d2003
_g№101/19 груд./
650 7 _aКраєзнавча робота
_2UDC
999 _c302792
_d302792